000 00540nam a22001937a 4500
003 KOHA_MİRAKIL
005 20250430163055.0
008 250430b tu ||||| |||| 00| 0 tur d
020 _a9789750516153
040 _aTR-AnABB
_btur
_cTR-AnABB
041 _atur
082 _a813.42
_bBAL 2023
100 1 _aBalboa, Aylin,
245 1 0 _aBelki bir gün uçarız /
_cAylin Balboa
260 _aİstanbul :
_bİletişim Yayıncılık,
_c2023
300 _a147 sayfa ;
_c20 cm
650 0 4 _aTürk edebiyatı, roman
942 _2ddc
_cBK
999 _c8884
_d8884
900 _bGizem YORULMAZ